000
00194 a2200109 4500
020
_a
9780340634820
041
_a
eng
100
_a
Mick Inrpen
245
_a
Weather
942
_c
BK
952
_7
1
999
_c
18804
_d
18804